Top 15 Countries - Gun Ownership (per 100 people) Quiz Stats

 Plays Quiz not verified by Sporcle

Also try: Pick the Peaks
Challenge
Share
Tweet
Embed
Score 0/15 Timer 02:00
0 Plays Today
% Correct
United States
93.5%
Switzerland
72%
Sweden
70.1%
Canada
69.2%
Norway
64.5%
France
59.8%
Germany
57.9%
Finland
54.2%
% Correct
Iceland
51.4%
Iraq
50.5%
Austria
45.8%
Saudi Arabia
44.9%
Serbia
30.8%
Uruguay
29.9%
Cyprus
27.1%

You're not logged in!

Compare scores with friends on all Sporcle quizzes.
Join for Free
OR
Log In

You Might Also Like...

Show Comments

Extras

Top Quizzes Today


Score Distribution

Your Account Isn't Verified!

In order to create a playlist on Sporcle, you need to verify the email address you used during registration. Go to your Sporcle Settings to finish the process.

Report this User

Report this user for behavior that violates our Community Guidelines.

Details: